"Klimagipfel Bonn" 2001 die Diskussion im Spiegel der deutschen Presse

Bibliographic Details
Other Authors: Horstkotte, Hermann (Compiler)
Format: Book
Language:German
PhysicalDescription:16 s. 30 cm
Published: Bonn Inter-Nationes 2001
Series:Sonderthema
Subjects:

MARC

LEADER 00000nam a2200000 a 4500
001 vtls001434459
003 SK-MaSNL
005 20260301162740.0
008 251113s2001 DE r 0 ger
020 |c [40,00] 
035 |a SNK000389536 
040 |a SNK  |b slo  |c SNK  |e AACR2 
044 |a DE 
080 |a 551.5(100):061  |2 1981 
080 |a 537(100):061  |2 1981 
080 |a 061  |2 1981 
245 1 |a "Klimagipfel Bonn" 2001  |b die Diskussion im Spiegel der deutschen Presse  |c Zusammenstellung Hermann Horstkotte 
260 |a Bonn  |b Inter-Nationes  |c 2001 
300 |a 16 s.  |c 30 cm 
490 1 |a Sonderthema  |v 5/2001 
500 |a Obalový názov 
650 0 7 |a klíma  |x krajiny sveta  |x prostredie životné  |x atmosféra  |x zmeny  |x štúdie  |2 SNK  |9 527770 
700 1 |a Horstkotte, Hermann  |4 zos  |9 295594 
830 0 |a Sonderthema  |9 295603 
999 |c 814375  |d 816305 
952 |t P60, <04>, [BOOK], {604}  |a SNK  |b SNK  |y VYP  |7 0  |p 17A0348849  |o snkOIB 2604  |i snkV 669/2002  |0 0  |1 0  |4 0  |d 2002-07-03  |l 0  |r 2005-01-02 00:00:00  |w 2026-02-24